000 01383nam a2200289 i 4500
001 000000600
003 DO-SdBNP
005 20250721134531.0
007 ta
008 090331s2005 dr a 001 0 spa d
040 _aDO-SdBNP
_bspa
_cBNPHU
_erda
041 _aspa
082 4 _a307.14
_bN322m
_222
100 1 _aNavarro García, Andrés,
_eautor
_4aut.
_91962
245 1 0 _aMetodología para el desarrollo urbano de asentamientos precarios :
_benfoque desde la administración municipal /
_cAndrés Navarro García.
264 _aSanto Domingo :
_bCiudad Alternativa,
_c2005.
300 _a76 páginas :
_bilustraciones ;
_c28 cm.
336 _atexto
_btxt
_2rdacontent
337 _asin mediación
_bn
_2rdamedia
338 _avolumen
_bnc
_2rdacarrier
505 1 _aActuación urbana de los ayuntamientos: situación actual --
_tRuta de los proyectos municipales --
_tMarco metodológico --
_tEstructura metodológica --
_tEstudio de la realidad --
_tFormulación y diseño de la actuación --
_tIntervención en los asentamientos precarios --
_tSeguimiento a las intervenciones de desarrollo --
_tAlgunos instrumentos y herramientas de apoyo.
590 _aInventariado,2018/DG
650 4 _aDesarrollo urbano
_xMetodología
_91963
650 0 _aGobierno municipal
_xMetodología
_917207
650 4 _aAsentamientos de ocupantes ilegales
_zRepública Dominicana
_91965
942 _2ddc
_cLBS1
999 _c598
_d598